| 000 | 00940cam a2200265 a 4500 | ||
|---|---|---|---|
| 001 | 16208717 | ||
| 005 | 20230320104823.0 | ||
| 008 | 100429s2011 enka b 001 0 eng | ||
| 010 | _a 2010015325 | ||
| 020 | _a9780470660249 (cloth) | ||
| 040 |
_aDLC _cDLC _dDLC |
||
| 050 | 0 | 0 |
_aTL796 _b.M28 2011 |
| 082 | 0 | 0 |
_a629.46 _223 _bMAI |
| 100 | 1 |
_aMaini, Anil Kumar. _9110581 |
|
| 245 | 1 | 0 |
_aSatellite technology : _bprinciples and applications / Anil K. Maini, Varsha Agrawal. |
| 250 | _a2nd ed. | ||
| 260 |
_aChichester, West Sussex, U.K. ; _aHoboken, N.J. : _bWiley, _c2011. |
||
| 300 |
_axix, 674 p. : _bill. ; _c25 cm. |
||
| 504 | _aIncludes bibliographical references and index. | ||
| 650 | 0 |
_aArtificial satellites. _975367 |
|
| 700 | 1 |
_aAgrawal, Varsha. _9110582 |
|
| 906 |
_a7 _bcbc _corignew _d1 _eecip _f20 _gy-gencatlg |
||
| 942 |
_2ddc _cBK |
||
| 999 |
_c593828 _d593828 |
||